| 000 | 007420000a22002050004500 | ||
|---|---|---|---|
| 001 | 768714001 | ||
| 003 | CO-MdFUSB | ||
| 005 | 20161124120348.0 | ||
| 008 | 161124s1998 sp ||||| |||| 00| 0 fre d | ||
| 022 | _a0014-1437 | ||
| 040 |
_aCO-MdFUSB _bspa _cCO-MdFUSB _dCO-MdFUSB |
||
| 041 | _afre | ||
| 100 | 1 |
_aWénin, André _eautor |
|
| 245 | 1 | 0 | _aLa Stratégie Déjouée de Noémi en Rt 3 |
| 300 |
_aVolumen 56. Número 2 (1998), Páginas 179-199 _c23 cm. |
||
| 520 | _a¿Qué función tiene, en la economía narrativa del libro de Rut, el plan de Noemi para unir a su nuera con Booz? | ||
| 546 | _aTexto en Francés | ||
| 773 | 0 |
_tEstudios Bíblicos _049452 _960473 _gVolumen 56. Número 2 (1998), Páginas 179-199 _qPágina 179 |
|
| 942 | _cANA | ||
| 999 |
_c50215 _d50215 |
||